Sanat: Seitsemän miehen voima - Statistics

Yleistilastot
  • Tätä visaa on pelattu 25 kertaa
  • Keskiarvotulos 40 / 86
Vastaustilastot
Sanat: % Oikein
se
96%
miehen
92%
miehen
92%
seitsemän
92%
seitsemän
92%
on
79%
on
79%
voimalla
79%
Tuomas
75%
kuin
67%
Simeoni
67%
Simeoni
67%
luikku
63%
hän
58%
Jukolassa
58%
koska
58%
koska
58%
liukas
58%
nyt
58%
poikia
54%
Timo
54%
Aaprahammi
50%
hännän
50%
kaikkein
50%
kaula
50%
laulaa
50%
niinkuin
50%
niinkuin
50%
Otavassa
50%
Pikku-Eero
50%
saarnaa
50%
seisoo
50%
Tähtiä
50%
tammi
50%
voimasta
50%
huippu
46%
aika
42%
heittää
42%
Jukolan
42%
Jukolan
42%
Kiljukoon
42%
laiskanpulskeja
42%
poika
42%
rakki
42%
sekaan
42%
sylkee
42%
talon
42%
virren
42%
ihmisparka
38%
jallii
38%
Juho
38%
keittää
38%
kuohuvaan
38%
kurja
38%
mielin
38%
ompi
38%
patahan
38%
pirtti
38%
rasvat
38%
saatana
38%
suuri
38%
syntinen
38%
valittaa
38%
ankara
33%
liuhuparta
33%
mäyränä
33%
metsäs
33%
nummia
33%
pauhaa
33%
Poika-Jussi
33%
puita
33%
roikaa
33%
Salomon
33%
Siinä
33%
sonnikarja
33%
tiuskea
33%
tonkii
33%
tulee
33%
Viimein
33%
häärii
29%
herneet
29%
jalo
29%
Lauri-poika
29%
väärii
29%
velisarja
25%
katselevi
21%
Ehtoja vastaavia visoja ei löytynyt
Tulosjakauma
Jokaisen tuloksen saaneiden osuus
Persentiili vastausten määrän mukaan
Tuloshistoriasi
Et ole pelannut tätä visaa